000 00395nam a2200181Ia 4500
008 240830s1901 xx 000 0 und d
041 _aeng
082 _a0 YAD
100 _aYADAWAJI TRIMBKAJI
245 _aDRAVYAGUNA VIJNAN VOL. 1
250 _a1
260 _bN.D.
_c1901
300 _a500p
440 _vI
650 _aDRAVYAGUNA-VIGYAN
906 _aN.D.
999 _c1184833
_d1184833